LEADER 00991nam a2200265 i 4500 001 991002897839707536 008 160309s1953 it ||| | ita 035 $ab14251048-39ule_inst 040 $aDip.to di Storia, Società e Studi sull'Uomo$bita 082 04$a322.10945 082 04$a261.7 082 04$a282.092 100 1 $aFonzi, Fausto$0134479 245 12$aI cattolici e la società italiana dopo l'unità1977 /$cFausto Fonzi 260 $aRoma :$bStudium,$cstampa 1953 300 $a121 p. ;$c17 cm. 440 0$aUniversale studium ;$v20 650 4$aChiesa e Stato$zItalia 1870-1904 650 4$aMovimento cattolico$zItalia 907 $a.b14251048$b15-03-16$c09-03-16 912 $a991002897839707536 945 $aLE023 322.109 FON 1 1 $g1$i2023000142165$lle023$og$pE5.00$q-$rn$so $t0$u0$v0$w0$x0$y.i15714676$z09-03-16 996 $aCattolici e la società italiana dopo l'unità1977$9254919 997 $aUNISALENTO 998 $ale023$b01-01-00$cm$da $e-$fita$git $h2$i0 LEADER 01036nas 2200397 c 450 001 9910895229003321 005 20260218112930.0 035 $a(CKB)4100000010676798 035 $a(OCoLC)76672014 035 $a(OCoLC)644866387 035 $a(DE-101)979946875 035 $a(DE-599)ZDB2237264-7 035 $a(DE-599)2237264-7 035 $a(EXLCZ)994100000010676798 100 $a20060530a20039999 |y | 101 0 $aeng 135 $aur||||||||||| 181 $ctxt$2rdacontent 182 $cc$2rdamedia 183 $acr$2rdacarrier 200 10$aAnnual report / European Centre for Minority Issues 210 31$aFlensburg$d2003- 215 $aOnline-Ressource 300 $aGesehen am 06.10.2020 300 $aFortsetzung der Druckausgabe 311 08$a1614-1067 608 $aZeitschrift$2gnd-content 676 $a320 686 $a2,1$2ssgn 801 0$b8999 801 1$bDE-101 801 2$b0008 906 $aJOURNAL 912 $a9910895229003321 996 $aAnnual report$9162222 997 $aUNINA